| 000 | 00343nam a2200133Ia 4500 | ||
|---|---|---|---|
| 008 | 240624s9999 xx 000 0 und d | ||
| 041 | _aeng | ||
| 082 | _a828 THA | ||
| 100 | _aTHALER RICHARD H | ||
| 245 | _aNUDGE IMPROVING DECISIONS ABOUT HEALTH W | ||
| 260 |
_c2009 _aNew Delhi _bPenguin |
||
| 300 | _ax, , 305 , 19 : p. : cm. | ||
| 365 | _cRS | ||
| 999 |
_c31429 _d31429 |
||